| 000 | 00539nam a2200181Ia 4500 | ||
|---|---|---|---|
| 008 | 220216s9999 xx 000 0 und d | ||
| 100 | _aThim L T | ||
| 245 | 0 | _aAdvanced planting material to effectively reduce immaturity period of Hevea | |
| 260 | _bProceedings of the RRIM Rubber Growers Conference, Ipoh, Perak 1986; p200-217 | ||
| 650 | _aImmaturity period | ||
| 650 | _aPlanting material | ||
| 700 | _aChin PNg Tat | ||
| 700 | _aHai T C | ||
| 700 | _aKhairudin H | ||
| 700 | _aKheng C O | ||
| 700 | _aTiong G L | ||
| 942 | _cJS | ||
| 999 |
_c53860 _d53860 |
||